000 01940nam0a2200337 4500
001 RU\NLR\BIBL_A\012590615
005 20211019143317.0
010 _a978-5-85983-330-6
_9500
021 _aRU
_bКН-П-21-029345
_9КН-П-21-2276
035 _a(NLR Aleph) 012590615
090 _a12550839
_c12550839
100 _a20210903d2021 k y0rusy50 ca
101 0 _arus
_deng
102 _aRU
105 _aa z 000yy
181 0 _ai
_baxxe
182 0 _an
200 1 _aМетодология исследований способа электромеханического диспергирования
_eмонография
_fМ.М. Беззубцева, В.С. Волков
_gМинистерство сельского хозяйства, Федеральное государственное бюджетное образовательное учреждение высшего образования "Санкт-Петербургский государственный аграрный университет"
203 _aТекст
_bвизуальный
_cнепосредственный
210 _aСанкт-Петербург
_cФГБОУ ВО СПбГАУ
_d2021
215 _a190, [1] c.
_cил.
_d20
300 _aРез. на англ. яз.
320 _aБиблиогр.: с. 170-188 (212 назв.)
606 1 _aИзмельчение электромагнитное
_91185261
_3RU\NLR\AUTH\66477524
686 1 _aЛ116.133
700 1 _aБеззубцева
_bМ. М.
_cд-р техн. наук, агроинженерия
_f1958-
_gМарина Михайловна
_9145661
_3RU\NLR\AUTH\770145697
701 1 _aВолков
_bВ. С.
_cканд. техн. наук, электротехника, агроинженерия
_gВладимир Сергеевич
_9145664
_3RU\NLR\AUTH\770145700
942 _cBOOK
980 _aNB